Lo justo y lo razonable /

Guardado en:
Autor Principal: Fletcher, George P.
Otros Autores: Muñoz Conde, Francisco, (trad.), Busato, Paulo C., (trad.)
Formato: Desconocido
Idioma:Spanish
Publicado: Buenos Aires : Hammurabi, 2005
Edición:1a. ed.
Series:Claves del derecho penal 7
Materias:
Etiquetas: Agregar Etiqueta
Sin Etiquetas, Sea el primero en etiquetar este registro!
LEADER 00638nac a22001935a 4500
001 DER.der007556
008 180615s2005####ag#||||||||||||||#||spa||
005 20250714173346.0
245 1 0 |a Lo justo y lo razonable /  |c George P. Fletcher ; traducido por Francisco Muñoz Conde y Paulo C. Busato. 
250 |a 1a. ed. 
260 |a Buenos Aires :  |b Hammurabi,  |c 2005 
300 |a 102 p. 
440 0 |a Claves del derecho penal  |v 7 
020 |a 9507412360 
100 1 |a Fletcher, George P. 
700 1 |a Muñoz Conde, Francisco,  |e trad. 
700 1 |a Busato, Paulo C.,  |e trad. 
650 7 |a DERECHO PENAL 
859 |a DERECHO  |b BIB. DERECHO  |h 345  |i FLE  |k 20 D  |p 005800